Central Library OPAC University of Rajshahi

Selected poems of Samuel Johnson and Oliver Goldsmith. (Record no. 77264)

MARC details
000 -LEADER
fixed length control field 01036nam a2200313 a 4500
001 - CONTROL NUMBER
control field 77264
003 - CONTROL NUMBER IDENTIFIER
rucl marc code BD-RjUL
005 - DATE AND TIME OF LATEST TRANSACTION
control field 20211209082942.0
008 - FIXED-LENGTH DATA ELEMENTS--GENERAL INFORMATION
fixed length control field 200309t1965 scu b 000 0 eng
020 ## - INTERNATIONAL STANDARD BOOK NUMBER
International Standard Book Number 087249151X
035 ## - SYSTEM CONTROL NUMBER
System control number (BD-RjUL)77489
040 ## - CATALOGING SOURCE
Original cataloging agency DLC
Transcribing agency DLC
Modifying agency DLC
-- BD-RjUL
Language of cataloging eng
041 ## - LANGUAGE CODE
Language code of text/sound track or separate title eng
082 00 - DEWEY DECIMAL CLASSIFICATION NUMBER
Edition number 23
Classification number 821.608
Author mark and year JOS 1965
100 ## - MAIN ENTRY--PERSONAL NAME
Personal name Johnson, Samuel,
Dates associated with a name 1709-1784
9 (RLIN) 240550
245 10 - TITLE STATEMENT
Title Selected poems of Samuel Johnson and Oliver Goldsmith.
Statement of responsibility, etc. Samuel Johnson, Oliver Goldsmith; Edited by Alan Rudrum and Peter Dixon.
260 ## - PUBLICATION, DISTRIBUTION, ETC. (IMPRINT)
Place of publication, distribution, etc. Columbia, S.C.,
Name of publisher, distributor, etc. University of South Carolina Press
Date of publication, distribution, etc. [1970, c1965]
300 ## - PHYSICAL DESCRIPTION
Pagination 146 p.
Size 20 cm.
350 ## - PRICE (NR) (BK AM CF MU VM SE) [OBSOLETE]
Price $2.25
490 0# - SERIES STATEMENT
Series statement The English library
504 ## - BIBLIOGRAPHY, ETC. NOTE
Bibliography, etc Includes bibliographical references.
650 #0 - SUBJECT ADDED ENTRY--TOPICAL TERM
Topical term or geographic name as entry element English poetry
Chronological subdivision 18th century.
9 (RLIN) 240551
700 1# - ADDED ENTRY--PERSONAL NAME
Personal name Goldsmith, Oliver,
Dates associated with a name 1730?-1774.
Personal name Rudrum, Alan,
Personal name Dixon, Peter,
Dates associated with a name 1932-
942 ## - ADDED ENTRY ELEMENTS (KOHA)
Source of classification or shelving scheme Dewey Decimal Classification
Koha item type Books
Holdings
Lost status Source of classification or shelving scheme Damaged status Not for loan Collection code Permanent Location Current Location Shelving location Date acquired Source of acquisition Cost, normal purchase price Total Checkouts Full call number Date last seen Copy number Koha item type
  Dewey Decimal Classification   Not For Loan Non-fiction Central Library, University of Rajshahi Central Library, University of Rajshahi Reading Room 26/11/1969 Zeitlinger 0.15   821.608 JOS 1965 09/03/2020 C-1 Books